Central Library OPAC University of Rajshahi

Man and society in nineteenth-century realism : (Record no. 33480)

MARC details
000 -LEADER
fixed length control field 00988nam a2200301 i 4500
001 - CONTROL NUMBER
control field 33480
003 - CONTROL NUMBER IDENTIFIER
rucl marc code BD-RjUL
005 - DATE AND TIME OF LATEST TRANSACTION
control field 20211209052020.0
008 - FIXED-LENGTH DATA ELEMENTS--GENERAL INFORMATION
fixed length control field 140508s1977 enk b 001 0 eng
020 ## - INTERNATIONAL STANDARD BOOK NUMBER
International Standard Book Number 0333141555 :
035 ## - SYSTEM CONTROL NUMBER
System control number (BD-RjUL)33571
040 ## - CATALOGING SOURCE
Original cataloging agency DLC
Transcribing agency DLC
Modifying agency DLC
-- BD-RjUL
Language of cataloging eng
041 ## - LANGUAGE CODE
Language code of text/sound track or separate title eng
082 00 - DEWEY DECIMAL CLASSIFICATION NUMBER
Classification number 809.9335
Author mark and year LAM 1977
100 1# - MAIN ENTRY--PERSONAL NAME
Personal name Larkin, Maurice.
9 (RLIN) 101603
245 10 - TITLE STATEMENT
Title Man and society in nineteenth-century realism :
Remainder of title determinism and literature /
Statement of responsibility, etc. Maurice Larkin.
260 ## - PUBLICATION, DISTRIBUTION, ETC. (IMPRINT)
Place of publication, distribution, etc. London :
Name of publisher, distributor, etc. Macmillan,
Date of publication, distribution, etc. 1977.
300 ## - PHYSICAL DESCRIPTION
Pagination ix, 201 p. ;
Size 23 cm.
504 ## - BIBLIOGRAPHY, ETC. NOTE
Bibliography, etc Bibliography: p. 188-193.
Bibliography, etc Includes index.
650 #0 - SUBJECT ADDED ENTRY--TOPICAL TERM
Topical term or geographic name as entry element Literature, Modern
Chronological subdivision 19th century
General subdivision History and criticism.
9 (RLIN) 55540
Topical term or geographic name as entry element Literature and society
General subdivision History
Chronological subdivision 19th century.
9 (RLIN) 101604
Topical term or geographic name as entry element Realism in literature.
9 (RLIN) 46186
Topical term or geographic name as entry element Free will and determinism in literature.
9 (RLIN) 101605
942 ## - ADDED ENTRY ELEMENTS (KOHA)
Source of classification or shelving scheme Dewey Decimal Classification
Koha item type Books
Holdings
Lost status Source of classification or shelving scheme Damaged status Not for loan Collection code Permanent Location Current Location Shelving location Date acquired Source of acquisition Cost, normal purchase price Total Checkouts Full call number Date last seen Copy number Koha item type
  Dewey Decimal Classification   Not For Loan Fiction Central Library, University of Rajshahi Central Library, University of Rajshahi Reading Room 07/05/1979 W. Heffer and Sons 8.75   809.9335 LAM 1977 08/05/2014 C-1 Books